| 000 | 00702cam a22002534a 4500 | ||
|---|---|---|---|
| 003 | UPN | ||
| 005 | 20240803063755.0 | ||
| 008 | 090216s2005 es r 000 f spa d | ||
| 020 | _a8466316469 | ||
| 035 | _aUPN01000169297 | ||
| 040 |
_aUPN _bspa _cUPN |
||
| 049 | _aCG | ||
| 050 | 4 |
_aPQ6657 A74 _bU75 |
|
| 100 | 1 |
_aGarcía-Valiño, Ignacio, _d1968- _944791 |
|
| 245 | 1 | 0 |
_aUrías y el rey David / _cIgnacio García-Valiño. |
| 260 |
_aEspaña : _bPunto de Lectura, _c2005. |
||
| 300 | _a353 p. | ||
| 490 | 0 | _aPunto de lectura | |
| 650 | 4 |
_aNovela española _910814 |
|
| 650 | 4 |
_aBiblia en la literatura _93909 |
|
| 905 | _aLibro | ||
| 942 |
_2lcc _cLIBRO |
||
| 999 |
_c141403 _d141403 |
||